| 000 | 00663nam a2200217Ia 4500 | ||
|---|---|---|---|
| 005 | 20250508165436.0 | ||
| 008 | 008 250505s9999 xx 000 0 eng d | ||
| 020 | _a978-81-321-1311-9 | ||
| 037 | _aTextBook | ||
| 040 |
_aFEDL _beng _cFEDL |
||
| 041 |
_aeng _2eng |
||
| 084 |
_a305.8, THO/R _qFEDL |
||
| 100 | _aThorat Sukhadeo Ed. | ||
| 245 | 0 | _aBridging the social gap: Perspectives on dalit empowerment | |
| 260 |
_aNew Delhi, India _bSage Publications India Pvt. Ltd. _c2014 |
||
| 300 | _axxvii, 279p. | ||
| 365 |
_aINR _b995 |
||
| 700 |
_a Sabharwal Nidhi Sadana Ed. _9780865 |
||
| 942 |
_cTB _h305.8, THO/R |
||
| 999 |
_c1395117 _d1395117 |
||